000 00645nam a22001577a 4500
003 OSt
005 20150905144723.0
008 150905b xxu||||| |||| 00| 0 eng d
040 _cRUA
082 _aAGR អួង 1991 B002 Or.1
100 _939
_aអួង កុសល
245 _aឥទ្ធិពលនៃកត្តាផ្សេងៗទៅលើការចំហុយស្លិកថ្នាំជក់ និង គុណភាពព្រមទាំងវិធានការ ការពារស្លឹកថ្នាំស្ងួត
260 _aPhnom Penh
_bRUA
_c1991
300 _a47p.
_bill.
_c29cm.
942 _2ddc
_cAGR
999 _c37
_d37